[Event "Norway Chess op"]
[Site "Stavanger"]
[Date "2023.05.27"]
[Round "1"]
[White "Shehzad, Shazil Khan"]
[Black "Catona, Dan"]
[Result "1-0"]
[WhiteElo "2310"]
[BlackElo "1800"]
[PlyCount "77"]
[EventDate "2023.05.27"]
[EventType "swiss"]
[EventRounds "10"]
[EventCountry "NOR"]
[SourceTitle "CBM 214 Extra"]
[Source "ChessBase"]
[SourceDate "2023.07.31"]
[SourceVersion "1"]
[SourceVersionDate "2023.07.31"]
[SourceQuality "1"]

1. e4 c6 2. d4 d5 3. exd5 cxd5 4. Bd3 Nc6 5. c3 Nf6 6. h3 e5 7. dxe5 Nxe5 8. Nf3 Nxd3+ 9. Qxd3 Bd6 10. 0-0 0-0 11. Bg5 h6 12. Bh4 Re8 13. Nbd2 Bd7 14. Nd4 a6 15. Rfe1 Rxe1+ 16. Rxe1 g5 17. Bg3 Qc7 18. Nf1 Ne4 19. Bxd6 Qxd6 20. Ne3 Re8 21. Ndf5 Bxf5 22. Nxf5 Qf4 23. Qf3 Qxf3 24. gxf3 Nf6 25. Rxe8+ Nxe8 26. Ne7+ Kg7 27. Nxd5 Nd6 28. Kg2 Kg6 29. f4 gxf4 30. Nxf4+ Kf5 31. Kf3 Nc4 32. Nd3 Nd2+ 33. Ke3 Nc4+ 34. Kd4 b5 35. b3 Nd6 36. c4 bxc4 37. bxc4 Ke6 38. Nc5+ Kf5 39. Nd3 1-0

[Event "Fagernes op-A"]
[Site "Fagernes"]
[Date "2023.04.02"]
[Round "1"]
[White "Shehzad, Shazil Khan"]
[Black "Kulaots, Kaido"]
[Result "1/2-1/2"]
[WhiteElo "2212"]
[BlackElo "2494"]
[PlyCount "73"]
[EventDate "2023.04.02"]
[EventType "swiss"]
[EventRounds "9"]
[EventCountry "NOR"]
[SourceTitle "CBM 213 Extra"]
[Source "ChessBase"]
[SourceDate "2023.05.31"]
[SourceVersion "1"]
[SourceVersionDate "2023.05.31"]
[SourceQuality "1"]

1. e4 c5 2. Nf3 Nc6 3. Bb5 e6 4. 0-0 Nge7 5. d4 cxd4 6. Nxd4 Ng6 7. Be2 Be7 8. c4 0-0 9. Be3 Nxd4 10. Qxd4 b6 11. Nc3 Bb7 12. Rad1 Bc6 13. Qd2 Qb8 14. f4 f6 15. a3 a5 16. g3 Bc5 17. h4 Ne7 18. Bf3 Nc8 19. Qf2 Nd6 20. Bxc5 bxc5 21. Qe2 Nc8 22. Rd2 Nb6 23. b3 Qe8 24. e5 Bxf3 25. Rxf3 a4 26. exf6 gxf6 27. Nxa4 Nxa4 28. bxa4 Rxa4 29. f5 exf5 30. Re3 Qa8 31. Rxd7 Rxa3 32. Rxa3 Qxa3 33. Qe6+ Kh8 34. Rxh7+ Kxh7 35. Qxf5+ Kg7 36. Qg4+ Kh6 37. Qf4+ 1/2-1/2

[Event "NOR-chT Elite 2223"]
[Site "Norway"]
[Date "2023.03.04"]
[Round "8.14"]
[White "Gullaksen, Eirik Tvedt"]
[Black "Shehzad, Shazil Khan"]
[Result "1/2-1/2"]
[WhiteElo "2347"]
[BlackElo "2289"]
[PlyCount "88"]
[EventDate "2022.11.11"]
[EventType "team-tourn"]
[EventRounds "9"]
[EventCountry "NOR"]
[SourceTitle "CBM 213 Extra"]
[Source "ChessBase"]
[SourceDate "2023.05.31"]
[SourceVersion "1"]
[SourceVersionDate "2023.05.31"]
[SourceQuality "1"]
[WhiteTeam "Bergens"]
[BlackTeam "Stavanger"]
[WhiteTeamCountry "NOR"]
[BlackTeamCountry "NOR"]

1. e4 c5 2. Nf3 d6 3. d4 cxd4 4. Nxd4 Nf6 5. Nc3 a6 6. h3 e5 7. Nde2 h5 8. Bg5 Be6 9. Ng3 g6 10. Nd5 Bxd5 11. Bxf6 Qxf6 12. Qxd5 Nc6 13. Bc4 Bh6 14. 0-0 0-0 15. Rad1 Rfd8 16. a3 Rac8 17. Ne2 b5 18. Ba2 b4 19. Rd3 Rd7 20. Rf3 Qg7 21. Rd1 Qf8 22. Rf6 Bg7 23. Rxd6 Rxd6 24. Qxd6 bxa3 25. bxa3 Rd8 26. Qxf8+ Bxf8 27. Bd5 Kg7 28. c4 Nd4 29. Nxd4 exd4 30. Rb1 Bxa3 31. Rb7 Kh6 32. Kf1 Bc5 33. Ke2 f6 34. Kd3 Rc8 35. h4 a5 36. f4 a4 37. Rb5 a3 38. Ra5 Rc7 39. e5 fxe5 40. fxe5 Kg7 41. Kc2 Ra7 42. Rxa7+ Bxa7 43. Kb3 Bc5 44. Be4 Kf7 1/2-1/2

[Event "NOR-chT Elite 2223"]
[Site "Norway"]
[Date "2023.03.03"]
[Round "7.14"]
[White "Shehzad, Shazil Khan"]
[Black "Urkedal, Frode Olav Olsen"]
[Result "0-1"]
[WhiteElo "2289"]
[BlackElo "2536"]
[PlyCount "74"]
[EventDate "2022.11.11"]
[EventType "team-tourn"]
[EventRounds "9"]
[EventCountry "NOR"]
[SourceTitle "CBM 213 Extra"]
[Source "ChessBase"]
[SourceDate "2023.05.31"]
[SourceVersion "1"]
[SourceVersionDate "2023.05.31"]
[SourceQuality "1"]
[WhiteTeam "Stavanger"]
[BlackTeam "Offerspill"]
[WhiteTeamCountry "NOR"]
[BlackTeamCountry "NOR"]

1. e4 e5 2. Nf3 Nc6 3. Bb5 a6 4. Ba4 Nf6 5. 0-0 Be7 6. Re1 b5 7. Bb3 0-0 8. a4 Bb7 9. d3 Re8 10. Nbd2 Bf8 11. Nf1 h6 12. Ne3 Na5 13. Ba2 b4 14. Nc4 Nxc4 15. Bxc4 d5 16. exd5 Bxd5 17. Bxd5 Qxd5 18. Nd2 Rad8 19. Qe2 e4 20. dxe4 Nxe4 21. Nxe4 Rxe4 22. Be3 Qe6 23. Red1 Re8 24. Qd3 Bd6 25. g3 h5 26. Qd5 Qh3 27. Rd4 R4e5 28. Qf3 Qe6 29. Rh4 Qg6 30. Rc1 R8e6 31. b3 Rf5 32. Qb7 Rxe3 33. fxe3 Bxg3 34. Rh3 Bf2+ 35. Kh1 Rg5 36. Rg3 Bxg3 37. hxg3 Rxg3 0-1

[Event "Kragero op"]
[Site "Kragero"]
[Date "2023.02.25"]
[Round "8"]
[White "Ji, Jiahao Eric"]
[Black "Shehzad, Shazil Khan"]
[Result "1/2-1/2"]
[WhiteElo "1872"]
[BlackElo "2225"]
[PlyCount "165"]
[EventDate "2023.02.22"]
[EventType "swiss"]
[EventRounds "9"]
[EventCountry "NOR"]
[SourceTitle "CBM 212 Extra"]
[Source "ChessBase"]
[SourceDate "2023.03.31"]
[SourceVersion "1"]
[SourceVersionDate "2023.03.31"]
[SourceQuality "1"]

1. e4 Nc6 2. d4 d6 3. Nc3 Nf6 4. Nf3 g6 5. Bf4 Bg4 6. Be2 Bg7 7. h3 Bxf3 8. Bxf3 Nd7 9. Be3 e5 10. Ne2 0-0 11. 0-0 a5 12. Qd2 a4 13. a3 exd4 14. Nxd4 Nce5 15. Be2 Nb6 16. Bh6 Bxh6 17. Qxh6 Qf6 18. Nf3 Nxf3+ 19. Bxf3 Qxb2 20. Qd2 Rfe8 21. Qd3 Ra5 22. e5 d5 23. Rfb1 Qxe5 24. Re1 Qxe1+ 25. Rxe1 Rxe1+ 26. Kh2 Re7 27. h4 Ra8 28. h5 Rd8 29. h6 f6 30. c4 Red7 31. Qd4 Kf7 32. c5 Nc8 33. Qxa4 Ne7 34. Qb3 c6 35. Bg4 f5 36. Bh3 Ng8 37. g4 fxg4 38. Bxg4 Re7 39. Qf3+ Ke8 40. Qh3 d4 41. f4 Nf6 42. Bd1 d3 43. f5 g5 44. Qg2 g4 45. Qb2 Nd5 46. Bxg4 Re4 47. Qh8+ Kd7 48. Qg7+ Kc8 49. f6+ Kb8 50. f7 Rf4 51. Qg8 Kc7 52. Qxh7 Ne7 53. f8Q Rdxf8 54. Qxe7+ Kb8 55. h7 Ka7 56. Qe5 Rxg4 57. h8Q Rxh8+ 58. Qxh8 Rg5 59. Qc3 Rd5 60. Qa5+ Kb8 61. Qd2 Rxc5 62. Qxd3 Rd5 63. Qc4 Ka7 64. Kg3 Kb6 65. Kf3 Rb5 66. Ke4 Rd5 67. Qb3+ Kc7 68. Qb4 Kb8 69. a4 Ka7 70. Qb3 Ka6 71. Qc4+ Ka7 72. Qb4 Ka6 73. Qc4+ Ka7 74. Qb3 Ka6 75. Qc3 Ka7 76. Qh8 Ka6 77. Qb8 Ra5 78. Kd4 Rxa4+ 79. Kc5 Ra5+ 80. Kd6 Rh5 81. Qa8+ Kb6 82. Qf8 Rd5+ 83. Ke6 1/2-1/2

[Event "Kragero op"]
[Site "Kragero"]
[Date "2023.02.23"]
[Round "4"]
[White "Brattgjerd, Isak Vinh"]
[Black "Shehzad, Shazil Khan"]
[Result "1-0"]
[WhiteElo "1914"]
[BlackElo "2225"]
[PlyCount "63"]
[EventDate "2023.02.22"]
[EventType "swiss"]
[EventRounds "9"]
[EventCountry "NOR"]
[SourceTitle "CBM 212 Extra"]
[Source "ChessBase"]
[SourceDate "2023.03.31"]
[SourceVersion "1"]
[SourceVersionDate "2023.03.31"]
[SourceQuality "1"]

1. e4 g6 2. d4 Bg7 3. Nc3 a6 4. Bf4 d6 5. Nf3 b5 6. Qd2 Bb7 7. Bd3 Nd7 8. 0-0-0 c5 9. dxc5 Nxc5 10. Rhe1 Qa5 11. e5 b4 12. Ne4 Nxd3+ 13. Qxd3 d5 14. Kb1 Rd8 15. Ned2 e6 16. Nb3 Qc7 17. Bd2 Bf8 18. Nfd4 Ra8 19. g4 a5 20. Nb5 Qd7 21. Nd6+ Bxd6 22. exd6 Qxd6 23. Qd4 f6 24. Nc5 Bc8 25. g5 Kf7 26. gxf6 e5 27. Rxe5 Bf5 28. Bf4 Qc6 29. Rde1 h6 30. Re7+ Kf8 31. Rc7 Qxf6 32. Bd6+ 1-0

[Event "Kragero op"]
[Site "Kragero"]
[Date "2023.02.23"]
[Round "3"]
[White "Shehzad, Shazil Khan"]
[Black "Ingebretsen, Jens E"]
[Result "0-1"]
[WhiteElo "2225"]
[BlackElo "2340"]
[PlyCount "146"]
[EventDate "2023.02.22"]
[EventType "swiss"]
[EventRounds "9"]
[EventCountry "NOR"]
[SourceTitle "CBM 212 Extra"]
[Source "ChessBase"]
[SourceDate "2023.03.31"]
[SourceVersion "1"]
[SourceVersionDate "2023.03.31"]
[SourceQuality "1"]

1. e4 e6 2. d4 d5 3. Nd2 Be7 4. Ngf3 Nf6 5. Bd3 c5 6. dxc5 Nc6 7. Qe2 0-0 8. 0-0 Bxc5 9. e5 Nd7 10. Nb3 Be7 11. c3 Kh8 12. Bf4 f6 13. Nbd4 Nc5 14. Bc2 f5 15. Rad1 g5 16. Bc1 g4 17. Ne1 Qc7 18. Bf4 Nxd4 19. cxd4 Nd7 20. f3 Rg8 21. fxg4 Rxg4 22. h3 Rg6 23. Kh1 Nf8 24. g4 Qd8 25. Bh2 Rg5 26. Nf3 Rg7 27. Rg1 fxg4 28. Rxg4 Rxg4 29. hxg4 Bd7 30. Qe3 Be8 31. Bf4 Rc8 32. Bd3 Bg6 33. Kg2 Bxd3 34. Qxd3 Qe8 35. Rc1 Rxc1 36. Bxc1 Qg6 37. Qxg6 Nxg6 38. Bg5 Bb4 39. a3 Ba5 40. Bf6+ Kg8 41. Ng5 Nf8 42. Be7 Bd2 43. Bxf8 Bxg5 44. Bb4 Bc1 45. Bc3 b5 46. Kg3 Kf7 47. Kg2 Kg6 48. Kf2 Kg5 49. Kg3 a6 50. Kh3 Kf4 51. Kh4 Ke4 52. Kh5 Be3 53. g5 Bxd4 54. Bxd4 Kxd4 55. Kh6 Kxe5 56. Kxh7 d4 57. g6 d3 58. g7 d2 59. g8Q d1Q 60. Qh8+ Kf5 61. Qf8+ Ke5 62. Qh8+ Ke4 63. Qa8+ Qd5 64. Qxa6 e5 65. Qg6+ Kd4 66. Qg1+ Kc4 67. Qc1+ Kb3 68. Qc3+ Ka2 69. Kg6 e4 70. b4 Qd3 71. Qc1 e3+ 72. Kf6 e2 73. Ke5 Qd1 0-1

[Event "NOR-ch Blitz"]
[Site "Drammen"]
[Date "2023.01.06"]
[Round "4"]
[White "Shehzad, Shazil Khan"]
[Black "Aulin Jansson, Joran"]
[Result "1-0"]
[WhiteElo "2289"]
[BlackElo "2192"]
[PlyCount "51"]
[EventDate "2023.01.06"]
[EventType "swiss (blitz)"]
[EventRounds "9"]
[EventCountry "NOR"]
[SourceTitle "CBM 212 Extra"]
[Source "ChessBase"]
[SourceDate "2023.03.31"]
[SourceVersion "1"]
[SourceVersionDate "2023.03.31"]
[SourceQuality "1"]

1. e4 c5 2. Nf3 d6 3. d4 cxd4 4. Nxd4 Nf6 5. Nc3 a6 6. h4 Nc6 7. Nxc6 bxc6 8. Be2 e5 9. g4 Be6 10. g5 Nd7 11. Bg4 Nc5 12. Be3 Bxg4 13. Qxg4 Ne6 14. 0-0-0 Qa5 15. h5 Rb8 16. g6 Qb4 17. Qf5 Be7 18. Kd2 Nd4 19. Qxf7+ Kd7 20. Bg5 Nf3+ 21. Qxf3 Bxg5+ 22. Ke1 Qxb2 23. Qf5+ Kc7 24. Qf7+ Kd8 25. Rxd6+ Kc8 26. Rd1 1-0

[Event "NOR-chT Elite 2223"]
[Site "Norway"]
[Date "2022.12.03"]
[Round "2.14"]
[White "Hobber, Anders"]
[Black "Shehzad, Shazil Khan"]
[Result "1/2-1/2"]
[WhiteElo "2367"]
[BlackElo "2244"]
[PlyCount "27"]
[EventDate "2022.11.11"]
[EventType "team-tourn"]
[EventRounds "9"]
[EventCountry "NOR"]
[SourceTitle "CBM 213 Extra"]
[Source "ChessBase"]
[SourceDate "2023.05.31"]
[SourceVersion "1"]
[SourceVersionDate "2023.05.31"]
[SourceQuality "1"]
[WhiteTeam "Valerenga"]
[BlackTeam "Stavanger"]
[WhiteTeamCountry "NOR"]
[BlackTeamCountry "NOR"]

1. d4 Nf6 2. Nf3 c5 3. c3 g6 4. Bg5 Bg7 5. e3 Qb6 6. Qb3 d6 7. Nbd2 0-0 8. Be2 Be6 9. Qa3 cxd4 10. exd4 Nc6 11. 0-0 h6 12. Bxf6 Bxf6 13. Nc4 Bxc4 14. Bxc4 1/2-1/2